| 000 | 00630nam a2200229Ia 4500 | ||
|---|---|---|---|
| 003 | OSt | ||
| 005 | 20220927104351.0 | ||
| 006 | a|||||r|||| 00| 0 | ||
| 007 | ta | ||
| 008 | 220926b |||||||| |||| 00| 0 eng d | ||
| 024 | _a151294 | ||
| 037 | _cReference Collections | ||
| 040 |
_aRTL _cRTL _beng |
||
| 041 |
_2eng _aeng |
||
| 082 | _a"L:5.2,W,H, J8.2" | ||
| 110 |
_a"INDIA,LOK SABHA,ESTIMATES (Committee)" _9365279 |
||
| 245 | 0 | _a45 Report | |
| 260 | _c1958 | ||
| 700 |
_a"INDIA,LOK SABHA,ESTIMATES (Committee)" _9365280 |
||
| 942 |
_h"L:5.2,W,H, J8.2" _cCC |
||
| 999 |
_c686977 _d686977 |
||